000
00234nam a2200109 4500
082
_a
STU
100
_a
Stultz, Russel
245
_a
Illustrated MS/PC-DOS
260
_a
India:
_b
BPB Publications,
_c
1989.
300
_a
267p. ;
942
_c
BK
999
_c
9507
_d
9507